Представление документа в формате RUSMARC

ПолеНазваниеЗначение
  Тип записи a
  Библиографический уровень c
001 Контрольный номер RU/SLIB/B/208773368
005 Дата корректировки 20260416115357.5
010 Индекс ISBN __
d Цена 3-90
101 Язык документа 0_
a Язык текста rus
200 Заглавие и сведения об ответственности 1_
a Заглавие Полное собрание сочинений и писем
f Первые сведения об ответственности А. П. Чехов
b Общее обозначение материала Текст
e Сведения, относящиеся к заглавию в 30 т. Сочинения : в 18 т
h Номер части Т. 17
210 Выходные данные 1_
a Место издания М.
c Издательство Наука
d Дата издания 1980
215 Физическое описание __
a Объем 526 с.
606 Тематические рубрики __
a Основная рубрика Художественная литература
z Хронологическая подрубрика 19 в.
y Географическая подрубрика Россия
606 Тематические рубрики __
a Основная рубрика Русская литература XIX в. (произведения)
610 Ключевые слова 0_
a Ключевые слова писатели; проза; прозаики; повести; рассказы; пьесы; романы; классики
686 Индексы других классификаций __
a Классификационный индекс 84(2=411.2)52-4
700 Автор _1
a Фамилия Чехов
b Имя А. П.
c Титул (звания) Антоша Чехонте
g Полное личное имя Антон Павлович
4 Код отношения 070
801 Источник записи _0
a Страна RU
b Организация Муниципальное бюджетное учреждение культуры "Централизованная библиотечная система" г. Сургут (Центральная городская библиотека им. А. С. Пушкина)
g Правила каталогизации КиК/Лебедева
801 Источник записи _1
a Страна RU
b Организация Муниципальное бюджетное учреждение культуры "Централизованная библиотечная система" г. Сургут (Центральная городская библиотека им. А. С. Пушкина)
g Правила каталогизации КиК/Лебедева
852 Данные о местонахождении __
j Шифр хранения 84(2=411.2)52-4
i Авторский знак Ч-56
p Инвентарный номер 18223(п); 2700
901 Тип документа __
t Тип документа x
969 Тип издания __
a Тип издания сборник
990 Данные о заказе (DOS) __
j Количество экземпляров (DOS) 4
t N записи в КСУ для И/У (DOS) 199101